000 00577nam a22002177a 4500
003 UA-OsUOA
001 52046
007 ta
008 20080129b un ||||| |||| 00| 0 ukr d
100 _aРайхель Ю.
090 _a32
_bР-18
942 _cSA
040 _aUA-OsUOA
_bukr
_cUA-OsUOA
_dUA-OsUOA
245 _aВектор розходження. Новий етап взаємного віддалення України та Росії.
300 _aС.7
955 _a0
041 _aukr
080 _a32
773 0 _w52043
650 7 _a32 Політика
_2UDC
999 _c338141
_d338141